|
|
|
|
| LEADER |
00000naa a2200000 c 4500 |
| 001 |
164740293X |
| 003 |
DE-627 |
| 005 |
20160805114620.0 |
| 007 |
tu |
| 008 |
160805s2016 xx ||||| 00| ||ger c |
| 035 |
|
|
|a (DE-627)164740293X
|
| 035 |
|
|
|a (DE-576)475740084
|
| 035 |
|
|
|a (DE-599)BSZ475740084
|
| 040 |
|
|
|a DE-627
|b ger
|c DE-627
|e rda
|
| 041 |
|
|
|a ger
|
| 100 |
1 |
|
|a Huxoll, Martina
|e VerfasserIn
|0 (DE-588)1047252104
|0 (DE-627)777910667
|0 (DE-576)400762161
|4 aut
|
| 109 |
|
|
|a Huxoll, Martina
|a Huxoll von Ahn, Martina
|a Ahn, Martina Huxoll von
|
| 245 |
1 |
0 |
|a Kindesvernachlässigung
|b = Child neglect
|c Martina Huxoll-von Ahn (Deutscher Kinderschutzbund Landesverband NRW e.V., Wuppertal)
|
| 246 |
3 |
1 |
|a Child neglect
|
| 264 |
|
1 |
|c 2016
|
| 336 |
|
|
|a Text
|b txt
|2 rdacontent
|
| 337 |
|
|
|a ohne Hilfsmittel zu benutzen
|b n
|2 rdamedia
|
| 338 |
|
|
|a Band
|b nc
|2 rdacarrier
|
| 773 |
0 |
8 |
|i Enthalten in
|t Kindesmisshandlung und -vernachlässigung
|d Göttingen : V&R, 1998
|g 19(2016), 1, Seite 44-65
|w (DE-627)268124299
|w (DE-600)1471294-5
|w (DE-576)26279621X
|x 1436-9850
|7 nnas
|
| 773 |
1 |
8 |
|g volume:19
|g year:2016
|g number:1
|g pages:44-65
|
| 951 |
|
|
|a AR
|
| ELC |
|
|
|b 1
|
| LOK |
|
|
|0 000 xxxxxcx a22 zn 4500
|
| LOK |
|
|
|0 001 3322800776
|
| LOK |
|
|
|0 003 DE-627
|
| LOK |
|
|
|0 004 164740293X
|
| LOK |
|
|
|0 005 20250411084618
|
| LOK |
|
|
|0 008 160805||||||||||||||||ger|||||||
|
| LOK |
|
|
|0 040
|a DE-21-110
|c DE-627
|d DE-21-110
|
| LOK |
|
|
|0 689
|a s
|a Kindesvernachlässigung
|
| LOK |
|
|
|0 689
|a s
|a Kindeswohlgefährdung
|
| LOK |
|
|
|0 689
|a s
|a Intervenierender Kinderschutz
|
| LOK |
|
|
|0 689
|a s
|a Prävention und Frühe Hilfen
|
| LOK |
|
|
|0 689
|a s
|a Armut
|
| LOK |
|
|
|0 689
|a s
|a Hilfe und Kontrolle
|
| LOK |
|
|
|0 689
|a s
|a Schutzauftrag bei Kindeswohlgefährdung
|
| LOK |
|
|
|0 689
|a s
|a Risiko- und Schutzfaktoren
|
| LOK |
|
|
|0 689
|a s
|a Wohlstandsvernachlässigung
|
| LOK |
|
|
|0 689
|a s
|a Child neglect
|
| LOK |
|
|
|0 689
|a s
|a Threat to child's welfare
|
| LOK |
|
|
|0 689
|a s
|a Intervening child protection
|
| LOK |
|
|
|0 689
|a s
|a Prevention
|
| LOK |
|
|
|0 689
|a s
|a Early intervention
|
| LOK |
|
|
|0 689
|a s
|a Poverty
|
| LOK |
|
|
|0 689
|a s
|a Support and control
|
| LOK |
|
|
|0 689
|a s
|a Protection mandate
|
| LOK |
|
|
|0 689
|a s
|a Risk and protection factors
|
| LOK |
|
|
|0 689
|a s
|a Neglect due to wealth
|
| LOK |
|
|
|0 852
|a DE-21-110
|
| LOK |
|
|
|0 852 1
|m p
|9 00
|
| LOK |
|
|
|0 938
|k p
|
| LOK |
|
|
|0 939
|a 05-08-16
|b l01
|
| ORI |
|
|
|a SA-MARC-krimdoka001.raw
|